| 000 | 00362nam a2200145Ia 4500 | ||
|---|---|---|---|
| 008 | 191201s2009 xx 000 0 und d | ||
| 082 |
_a005.133 _bHOV |
||
| 100 | _aHOLZNER,Steven | ||
| 245 | 0 | _aVisual Basic.NET Programming Black Book | |
| 250 | _aRep | ||
| 260 |
_aN.Delhi _bDream Tech Press _c2009 |
||
| 300 | _a1247 | ||
| 650 | _aB.Tech(IT) | ||
| 942 |
_2ddc _cBK |
||
| 999 |
_c4252 _d4252 |
||